| 000 | 00516nam a2200253Ia 4500 | ||
|---|---|---|---|
| 001 | 071773 | ||
| 003 | YMCAF | ||
| 005 | 20230512160738.0 | ||
| 008 | 100717s1995 ||||||||||||||||| ||und|d | ||
| 020 | _a- | ||
| 024 | _a71773 | ||
| 035 | _a11236 | ||
| 040 |
_aYMCAF _beng _cIN-KoLT |
||
| 041 | _aeng | ||
| 082 |
_a005.133COB _bROY |
||
| 100 | _aROY, M K | ||
| 245 | 0 | _aCOBOL PROGRAMMING INCLUDING MS | |
| 250 | _a- | ||
| 260 |
_b- _c1995 |
||
| 300 | _a496 | ||
| 653 | _a- | ||
| 653 | _a- | ||
| 942 |
_2ddc _cBK |
||
| 999 |
_c6202 _d6202 |
||